000 00548nam a2200169Ia 4500
003 GCL
008 140319s9999 xx 000 0 ara d
040 _aGCL /
_cGCL
082 0 4 _a229.3
_bع ز
100 1 _aعبدالله بن جارالله بن ابراهيم
245 1 0 _aزاد المسلم اليومى /
_cعبدالله بن جارالله بن ابراهيم
260 _a[S.N] :
_bمكتبة التراث الاسلامى ،
_c1988
300 _a64 ص
490 _a
650 0 4 _aالادعية والاوراد
942 _2ddc
_cBK
999 _c52590
_d52590